Classement Premier League 21ème siècle - Statistiques

Statistiques générales
  • Ce quiz a été pris 249 fois
  • Le résultat moyen est 23 sur 45
Statistiques - réponses
Classement Nombre de matchs Points Equipe % Correct
5 818 1 485 Manchester City
100%
4 855 1 620 Liverpool FC
99%
1 856 1 737 Manchester United
99%
3 855 1 653 Arsenal FC
98%
2 856 1 694 Chelsea FC
98%
6 857 1 406 Tottenham Hotspur
94%
8 780 1 012 Newcastle United
87%
9 742 913 Aston Villa
85%
10 742 913 West Ham United
85%
13 438 572 Leicester City
84%
7 856 1 206 Everton FC
80%
30 209 240 Brighton and Hove Albion
72%
23 247 329 Leeds United
69%
21 324 365 Wolverhampton Wanderers
69%
11 590 719 Southampton FC
67%
18 400 461 Crystal Palace
64%
12 591 671 Fulham FC
63%
15 532 520 Sunderland AFC
58%
31 266 234 Norwich City
57%
25 304 325 Burnley FC
56%
39 58 76 Brentford FC
52%
32 210 228 Bournemouth AFC
49%
45 20 21 Nottingham Forest
46%
29 266 261 Watford FC
46%
37 114 92 Queen Park Rangers
41%
35 114 115 Sheffield United
39%
17 494 490 West Bromwich Albion
39%
40 76 64 Cardiff City
37%
27 266 301 Birmingham City
36%
14 418 530 Blackburn Rovers
36%
26 266 312 Swansea City
36%
19 380 457 Stoke City
33%
33 190 171 Hull City
32%
41 76 53 Huddersfield Town
22%
20 380 432 Middlesbrough FC
21%
28 266 293 Portsmouth FC
21%
22 304 331 Wigan Athletic
21%
16 418 506 Bolton Wanderers
20%
38 114 83 Derby County
17%
34 114 119 Reading FC
17%
42 38 39 Blackpool FC
16%
43 38 34 Coventry City
14%
36 76 101 Ipswich Town
11%
24 266 325 Charlton Athletic
9%
44 38 26 Bradford City
4%
Aucun quiz correspondant
Distribution des résultats
% des personnes avec chaque résultat
Percentile par nombre de réponses
Votre historique - résultats
Vous n’avez pas pris ce quiz